Statistiques concernant Pays se terminant par E

Cliquez ici pour prendre le quiz!

Statistiques générales

  • Ce quiz a été pris 669 fois
    (634 depuis la dernière actualisation)
  • Le résultat moyen est 62 sur 84

Statistiques - réponses

Pays% Correct
France
95%
Algérie
94%
Espagne
94%
Russie
94%
Allemagne
90%
Australie
90%
Suède
90%
Chine
89%
Finlande
89%
Irlande
88%
Italie
88%
Norvège
88%
Belgique
87%
Lituanie
87%
Autriche
86%
Estonie
86%
Islande
86%
Lettonie
86%
Tunisie
86%
Inde
85%
Albanie
83%
Grèce
83%
Slovaquie
83%
Égypte
82%
Hongrie
82%
Andorre
81%
Argentine
81%
Biélorussie
81%
Croatie
81%
Mexique
81%
Slovénie
81%
Suisse
81%
Indonésie
80%
Roumanie
79%
Arménie
78%
Bolivie
78%
Colombie
78%
Turquie
78%
Nouvelle-Zélande
77%
Libye
76%
Pologne
76%
Bulgarie
75%
Serbie
75%
Arabie Saoudite
74%
Malte
74%
Zambie
74%
Bosnie-Herzégovine
73%
Éthiopie
73%
Guinée
73%
Moldavie
73%
Ukraine
71%
Érythrée
69%
Mongolie
69%
Somalie
69%
Thaïlande
69%
Chypre
68%
Géorgie
67%
République tchèque
67%
Syrie
67%
Tanzanie
67%
Belize
66%
Mauritanie
66%
Namibie
66%
Zimbabwe
66%
Jordanie
65%
Birmanie
64%
Gambie
64%
Malaisie
64%
Mozambique
63%
Côte d'Ivoire
62%
Guinée-équatoriale
62%
Cambodge
61%
République dominicaine
61%
Dominique
60%
Jamaïque
57%
Grenade
56%
Barbade
55%
Centrafrique
55%
Micronésie
55%
Sainte-Lucie
54%
Maurice
53%
Papouasie-Nouvelle-Guinée
53%
Sierra Leone
46%
Sao Tomé-et-Principe
44%

Distribution des résultats

Percentile par nombre de réponses

% des personnes avec chaque résultat

Votre développement - résultats

Vous n’avez pas pris ce quiz depuis la dernière actualisation